000 01107cam a2200289 4500
001 3127737
003 ARRUPE
005 20141002120227.0
008 710601s1971 mnuab b 001 0 eng
010 _a 70158996
020 _a0806611189
040 _aDLC
_cDLC
_dDLC
050 0 0 _aBL71
_b.W5 1971
082 0 0 _a291.8
100 1 _aWhitney, John R.
_q(John Raymond),
_d1920-
_911934
245 1 0 _aReligious literature of the West
_c[by] John R. Whitney and Susan W. Howe.
260 _aMinneapolis,
_bAugsburg Pub. House
_c[1971]
300 _a315 p.
_billus., maps.
_c24 cm.
500 _aOriginally published under title: Student's guide to religious literature of the West. Published in 1977 under title: Comparative religious literature.
504 _aBibliography: p. 308-310.
630 0 0 _aBible
_xOutlines, syllabi, etc.
_911935
630 0 0 _aQurʼan
_xOutlines, syllabi, etc.
_911936
650 0 _aRabbinical literature
_xOutlines, syllabi, etc.
_911937
700 1 _aHowe, Susan W.,
_ejoint author.
_911938
906 _a7
_bcbc
_corignew
_d2
_encip
_f19
_gy-gencatlg
942 _2lcc
_cMONOGRAPH
999 _c121036
_d121036